The drinking gourd : (Record no. 5746)

MARC details
000 -LEADER
fixed length control field 01006nam a22002897a 4500
001 - CONTROL NUMBER
control field 5746
003 - CONTROL NUMBER IDENTIFIER
control field FISKH
005 - DATE AND TIME OF LATEST TRANSACTION
control field 20250117105933.0
008 - FIXED-LENGTH DATA ELEMENTS--GENERAL INFORMATION
fixed length control field 250117b cb ||||| |||| 00| 0 eng d
020 ## - INTERNATIONAL STANDARD BOOK NUMBER
International Standard Book Number 9780064440424
040 ## - CATALOGING SOURCE
Original cataloging agency FISKH
Language of cataloging eng
Transcribing agency FISKH
Modifying agency FISKH
050 ## - LIBRARY OF CONGRESS CALL NUMBER
Classification number PZ7.M75
082 ## - DEWEY DECIMAL CLASSIFICATION NUMBER
Classification number 973.7115
100 ## - MAIN ENTRY--PERSONAL NAME
Personal name Monjo, F. N.
245 ## - TITLE STATEMENT
Title The drinking gourd :
Remainder of title A story of the underground railroad /
Statement of responsibility, etc. by F. N. Monjo ; Pictures by Fred Brenner
260 ## - PUBLICATION, DISTRIBUTION, ETC.
Place of publication, distribution, etc. New York ;
Name of publisher, distributor, etc. Harper Collins,
Date of publication, distribution, etc. 1997.
300 ## - PHYSICAL DESCRIPTION
Extent 62 pages :
Other physical details color illustrations ;
Dimensions 23 cm
490 ## - SERIES STATEMENT
Series statement I Can Read!
Volume/sequential designation Reading Alone 3
505 ## - FORMATTED CONTENTS NOTE
Formatted contents note M <br/>
520 ## - SUMMARY, ETC.
Summary, etc. When he is sent home alone for misbehaving in church, Tommy discovers that his house is a station on the underground railroad.
521 8# - TARGET AUDIENCE NOTE
Target audience note 560<br/>
Source Lexile<br/>
521 8# - TARGET AUDIENCE NOTE
Target audience note M <br/>
Source Raz-Plus<br/>
650 ## - SUBJECT ADDED ENTRY--TOPICAL TERM
Topical term or geographic name entry element American History
Form subdivision Historical Fiction
General subdivision Underground Railroad
700 ## - ADDED ENTRY--PERSONAL NAME
Personal name Brenner, Fred
Relator term illustrator
942 ## - ADDED ENTRY ELEMENTS (KOHA)
Source of classification or shelving scheme Dewey Decimal Classification
Koha item type Books
Suppress in OPAC No
Holdings
Withdrawn status Lost status Source of classification or shelving scheme Damaged status Not for loan Collection Home library Current library Shelving location Date acquired Total Checkouts Full call number Barcode Date last seen Price effective from Koha item type
    Dewey Decimal Classification     Juvenile Fiction Footprints International School Library Network Toul Kork Campus Footprints International School Library Network Toul Kork Campus TK Primary Library Room(4th Floor), Bookcase 3&4, Shelves 17-32, Yellow Books 01/17/2025   MON 973.7115 PZ7.M75 FISTK00760 01/17/2025 01/17/2025 Books